000 00563nam a2200193Ia 4500
003 GCL
008 140319s9999 xx 000 0 ara d
040 _aGCL /
_cGCL
082 0 4 _a212
_bز ا
100 1 _aمنصور فهمى مقدمة
245 1 0 _aالاخلاق عند الغزالى /
_cمنصور فهمى مقدمة
700 1 _aزكى مبارك
260 _a[S.N] :
_bدار الجيل ،
_c1988
300 _a383
490 _a
650 0 4 _aالاخلاق الاسلامية
650 0 4 _aالمذاهب الاخلاقية
942 _2ddc
_cBK
999 _c53705
_d53705